000 00289nam a22001337a 4500
008 170516b xxu||||| |||| 00| 0 eng d
020 _a9780534531188
041 _aeng
080 _a94(100)
100 _a16
101 _aSHH
245 _aWORLD HISTORY
_cDUIKER.W.J
942 _2udc
_cBK
999 _c13407
_d13407